Carta del 1 de Octubre de 1928 dirigida por Antonio López Ortega al Lic. Miguel Palomar y Vizcarra (seúd. Sr. Margarito)

Síntesis: José Antonio López Ortega, comunica a Miguel Palomar y Vizcarra que ha mandado información de la propaganda de Alemania. También le comunica que tendrá lugar un gran congreso de la acción católica en Hungría, le comenta además que en holanda una agencia de información se ofreció para publi...

وصف كامل

محفوظ في:
التفاصيل البيبلوغرافية
المؤلف الرئيسي: López Ortega, José Antonio (autor)
التنسيق: كتاب
الموضوعات:
الوسوم: إضافة وسم
لا توجد وسوم, كن أول من يضع وسما على هذه التسجيلة!

MARC

LEADER 00000nam^a2200000^a^4500
001 000251254
005 20250526000000.0
009 20260310105848.731
035 |a R02142 
037 |a Acervo Xavier Clavigero 
082 |a 21. 4 LOP V. LIBRO 13 20/172 
100 |a López Ortega, José Antonio  |e (autor) 
245 1 0 |a Carta del 1 de Octubre de 1928 dirigida por Antonio López Ortega al Lic. Miguel Palomar y Vizcarra (seúd. Sr. Margarito) 
264 |a Roma, Italia :  |b Destinatario: Palomar y Vizcarra, Miguel, Lic. Vice Pte. L.N.D.L.R.,  |c 1928 
300 |a 2 Fojas, MCS/Cop., 21.5 x 27.4 cms. 
336 |a texto  |b txt  |2 rdacontenido 
337 |a sin mediación  |b n  |2 rdamedio 
338 |a volumen  |b nc  |2 rdasoporte 
520 |a Síntesis: José Antonio López Ortega, comunica a Miguel Palomar y Vizcarra que ha mandado información de la propaganda de Alemania. También le comunica que tendrá lugar un gran congreso de la acción católica en Hungría, le comenta además que en holanda una agencia de información se ofreció para publicar todas las noticias que se les envién de México y en Francia hay una colección de películas, y en Bélgica una de diapositivas....... 
598 |a Carta 
598 |a Lugares que cita el documento: Roma, Italia., Alemania, México, Holanda, Hungría, Francia, Bélgica, Austria, Venezuela. 
598 |a Fechas que cita el documento: 1928 Octubre 1 
649 |a XX 
650 |a * Mariaux, Walter 
650 |a * Bangha 
650 |a * Palomar y Vizcarra, Miguel 
600 |a López Ortega, José Antonio 
600 |a López Ortega, José Antonio 
910 |a Fondo Jesús Gómez Fregoso S.J. FXC 
920 |a Impresos - Documentos 
930 |a Libros Antiguos y Raros 
940 |a Guerra Cristera 
905 |a 110 
901 |a R02142  |b IT2  |c LRA  |i R02142  |u 20250526 
902 |a https://opac.biblio.iteso.mx/vufind/Record/000251254